10 Największych Jezior w Polsce - Statystyki

Ogólne statystyki
  • Ten quiz został rozwiązany 41 razy
  • Średni wynik to 5 z 10
Statystyki odpowiedzi
Powierzchnia(km²) Odpowiedź % Poprawnych
104,5 Mamry
97%
113,8 Śniardwy
90%
71,4 Łebsko
63%
26,0 Niegocin
53%
34,6 Jeziorak
50%
21,7 Wigry
43%
56,0 Dąbie
37%
24,7 Gardno
37%
35,3 Miedwie
27%
18,7 Drawsko
20%
Nie znaleziono quizów pasujących do podanych kryteriów
Rozkład punktacji
Procent ludzi z każdym wynikiem
Percentyl według liczby udzielonych odpowiedzi
Twoja historia wyników
Nie rozwiązałeś tego quizu